<?xml version="1.0" encoding="UTF-8"?>
<collection xmlns="http://www.loc.gov/MARC21/slim">
<record>
  <controlfield tag="001">1702</controlfield>
  <controlfield tag="005">20160222141733.0</controlfield>
  <datafield tag="037" ind1=" " ind2=" ">
    <subfield code="a">SISMOimport-260</subfield>
  </datafield>
  <datafield tag="100" ind1=" " ind2=" ">
    <subfield code="a">Vanneste, Kris</subfield>
  </datafield>
  <datafield tag="260" ind1=" " ind2=" ">
    <subfield code="c">2008</subfield>
  </datafield>
  <datafield tag="245" ind1=" " ind2=" ">
    <subfield code="a">A decade of paleoseismic research in the Roer Valley graben</subfield>
  </datafield>
  <datafield tag="700" ind1=" " ind2=" ">
    <subfield code="a">Verbeeck, Koen</subfield>
  </datafield>
  <datafield tag="700" ind1=" " ind2=" ">
    <subfield code="a">Camelbeeck, Thierry</subfield>
  </datafield>
  <datafield tag="773" ind1=" " ind2=" ">
    <subfield code="p">Seismic risk - Earthquakes in North-Western Europe, éditions de l'Université de Liège. Scientific editors: Thierry Camelbeeck, Hervé Degée, Geert Degrande and Alain Sabbe</subfield>
    <subfield code="y">2008</subfield>
    <subfield code="c">57-64</subfield>
  </datafield>
  <datafield tag="856" ind1="4" ind2=" ">
    <subfield code="s">697961</subfield>
    <subfield code="u">http://publi2-as.oma.be/record/1702/files/A07.pdf</subfield>
  </datafield>
  <datafield tag="905" ind1=" " ind2=" ">
    <subfield code="a">published in</subfield>
  </datafield>
  <datafield tag="980" ind1=" " ind2=" ">
    <subfield code="a">NONREF</subfield>
  </datafield>
</record>
</collection>